[Event "AUTO-OPEN-3992"]
[Site "http://www.queenalice.com/game.php?id=1549134"]
[Date "2018.11.13"]
[Round "1"]
[White "armandon"]
[Black "RobertD"]
[Result "1-0"]
[WhiteElo "1500"]
[BlackElo "1993"]

1. e4 c5 2. Nf3 Nc6 3. d4 cxd4 4. Nxd4 Nxd4 5. Qxd4 d6 6. Nc3 Nf6 7. Bc4 e6 8.
Bg5 e5 9. Bb5+ Bd7 10. Qa4 Be7 11. Bxf6 Bxf6 12. O-O-O a6 13. Bxd7+ Qxd7 14.
Rxd6 Qxa4 15. Nxa4 Rd8 16. Rb6 O-O 17. Rxb7 Rd4 18. Nc5 Rc8 19. b4 a5 20. c3
Bg5+ 21. Kc2 Rd2+ 22. Kb3 axb4 23. cxb4 Rxf2 24. a4 f5 25. a5 fxe4 26. Nxe4 Rxg2
27. Nxg5 Rxg5 28. a6 Rf5 29. a7 Rf3+ 30. Ka4 Rff8 31. b5 Rc2 32. Rg1 g6 33. Kb3
Rcc8 34. b6 Rf3+ 35. Kb4 1-0

[Event "AUTO-OPEN-3992"]
[Site "http://www.queenalice.com/game.php?id=1549157"]
[Date "2018.11.13"]
[Round "1"]
[White "armandon"]
[Black "TheWatcher"]
[Result "1-0"]
[WhiteElo "2170"]
[BlackElo "2222"]

1. e4 e5 2. Nf3 Nc6 3. Bb5 a6 4. Ba4 Nf6 5. O-O b5 6. Bb3 Bc5 7. c3 O-O 8. d4
exd4 9. cxd4 Bb6 10. e5 Nh5 11. Nc3 d6 12. Bg5 Qe8 13. Re1 d5 14. Nxd5 Be6 15.
Rc1 Kh8 16. Nxb6 Bxb3 17. axb3 cxb6 18. d5 1-0

[Event "AUTO-OPEN-3992"]
[Site "http://www.queenalice.com/game.php?id=1549158"]
[Date "2018.11.13"]
[Round "1"]
[White "TheWatcher"]
[Black "armandon"]
[Result "0-1"]
[WhiteElo "2229"]
[BlackElo "2137"]

1. e4 e5 2. Nf3 Nc6 3. Nc3 Nf6 4. Bc4 Bc5 5. O-O O-O 6. d3 h6 7. a3 d6 8. h3 Nd4
9. Nd5 Nxf3+ 10. Qxf3 Nxd5 11. Bxd5 c6 12. Ba2 Kh7 13. g4 a5 14. Qg3 Be6 15. Be3
Bxa2 16. Rxa2 Qb6 17. h4 Bxe3 18. fxe3 Rae8 19. Rf5 Re6 0-1

[Event "Challenge"]
[Site "http://www.queenalice.com/game.php?id=1549423"]
[Date "2018.11.16"]
[Round "-"]
[White "armandon"]
[Black "gruppodilavoro"]
[Result "1-0"]
[WhiteElo "1500"]
[BlackElo "1938"]

1. e4 e6 2. d4 d5 3. Nc3 c5 4. exd5 exd5 5. Bb5+ Nc6 6. dxc5 Nf6 7. Be3 Ne4 8.
Nxe4 Bf5 9. Nc3 Be7 10. Qxd5 Qxd5 11. Nxd5 O-O 12. Bxc6 bxc6 13. Nxe7+ Kh8 14.
Nxf5 Rae8 15. O-O-O g6 16. Nh6 f6 17. Rd7 Re5 18. Nf3 Re4 19. Rhd1 Ra4 20. Nf7+
Kg8 21. Bh6 Rxa2 22. Kb1 Rxf7 23. Rd8+ 1-0

[Event "Challenge"]
[Site "http://www.queenalice.com/game.php?id=1549424"]
[Date "2018.11.16"]
[Round "-"]
[White "Camy"]
[Black "armandon"]
[Result "0-1"]
[WhiteElo "1671"]
[BlackElo "2123"]

1. d4 Nf6 2. Nf3 d5 3. Nc3 g6 4. Bf4 Bg7 5. e3 O-O 6. Bd3 c5 7. O-O cxd4 8. exd4
Bg4 9. h3 Bxf3 10. gxf3 Nh5 11. Bxb8 Rxb8 12. Nb5 Nf4 13. Re1 Nxh3+ 14. Kf1 e5
15. c3 Qh4 16. Re2 Rbe8 17. Nc7 exd4 18. Nxe8 Qg5 19. Rc2 Qg1+ 20. Ke2 Qxf2# 0-1

[Event "O caso dos ambulantes"]
[Site "http://www.queenalice.com/game.php?id=1549541"]
[Date "2018.11.17"]
[Round "-"]
[White "zubarev"]
[Black "armandon"]
[Result "0-1"]
[WhiteElo "1836"]
[BlackElo "1686"]

1. d4 Nf6 2. Nc3 d5 3. Nf3 e6 4. e3 c5 5. Bd2 Nc6 6. Bb5 Bd7 7. Bxc6 Bxc6 8. O-O
Be7 9. a3 O-O 10. Ne5 cxd4 11. exd4 Nd7 12. f4 Qb6 13. Nxd7 Bxd7 14. Bc1 Bd6 15.
Qf3 Qxd4+ 16. Be3 Qf6 17. Rad1 Rfc8 18. Bd4 Qf5 19. Ne2 Qxc2 20. Qg3 Qg6 21. Qe3
b6 22. Rf3 f6 23. Ng3 e5 24. fxe5 fxe5 25. Bxe5 Bc5 26. Bd4 Bg4 27. Bxc5 Rxc5
28. Rdf1 Bxf3 29. Qxf3 Rd8 30. Nf5 Rc7 31. Qf4 Rf7 32. g4 h5 33. Qb4 Rdf8 34.
Ne7+ Rxe7 35. Qxe7 Qxg4+ 0-1

[Event "Memória Social - Clube Astréa"]
[Site "http://www.queenalice.com/game.php?id=1549542"]
[Date "2018.11.17"]
[Round "-"]
[White "armandon"]
[Black "zubarev"]
[Result "1-0"]
[WhiteElo "1500"]
[BlackElo "1842"]

1. e4 e5 2. Nf3 Nc6 3. Bc4 Be7 4. d4 exd4 5. Nxd4 Nf6 6. Nc3 Nxd4 7. Qxd4 O-O 8.
e5 c5 9. Qd3 Ne8 10. Bf4 Bg5 11. Bg3 Kh8 12. f4 Be7 13. O-O-O Nc7 14. Rhe1 b6
15. Qf3 Rb8 16. f5 f6 17. Qh5 fxe5 18. Bxe5 Bf6 19. Bd6 Re8 20. Bxc7 Bg5+ 21.
Kb1 Rxe1 22. Rxe1 1-0

[Event "Challenge"]
[Site "http://www.queenalice.com/game.php?id=1549642"]
[Date "2018.11.18"]
[Round "-"]
[White "ROYANDROLL"]
[Black "armandon"]
[Result "0-1"]
[WhiteElo "1352"]
[BlackElo "1796"]

1. h4 e5 2. d3 d5 3. Nf3 Nc6 4. g3 Bf5 5. Qd2 e4 6. dxe4 dxe4 7. Qxd8+ Rxd8 8.
Ng5 Nd4 9. Kd1 h6 10. e3 Bg4+ 11. Kd2 Bb4+ 12. c3 Nb3+ 13. Ke1 Rd1# 0-1

[Event "Challenge"]
[Site "http://www.queenalice.com/game.php?id=1549643"]
[Date "2018.11.18"]
[Round "-"]
[White "gruppodilavoro"]
[Black "armandon"]
[Result "0-1"]
[WhiteElo "1920"]
[BlackElo "2123"]

1. e4 c5 2. Nf3 e6 3. d4 cxd4 4. Nxd4 a6 5. Be2 Nf6 6. Nc3 d6 7. O-O Be7 8. Qd3
b5 9. f4 O-O 10. e5 dxe5 11. fxe5 Nfd7 12. Qg3 Qb6 13. Be3 Bc5 14. Rad1 Nc6 15.
Nxc6 Bxe3+ 16. Kh1 Qxc6 17. Bf3 Qb6 18. Bxa8 Bd4 19. Qh4 Bxe5 20. Qe7 Bf6 21.
Qd6 Qxd6 22. Rxd6 Be7 23. Rd4 Bc5 24. Rd3 Ne5 25. Rh3 f5 26. Re1 Bd6 27. Bf3 g5
28. Be2 Kg7 29. Rd1 Bc5 30. Nb1 b4 31. Nd2 g4 32. Rb3 a5 33. c3 a4 34. Rxb4 Bxb4
35. cxb4 Bb7 36. Kg1 f4 37. Bb5 f3 38. g3 Bd5 39. a3 h5 40. Rc1 Rd8 41. Rc7+ Kf6
42. Rc2 Kf5 43. Bf1 Ba2 44. h3 h4 45. hxg4+ Kxg4 46. gxh4 Kf4 47. b5 Bd5 48. Kf2
Ng4+ 49. Ke1 Ne3 50. Rc7 e5 51. Nxf3 Kxf3 52. Be2+ Kf4 53. h5 Rd6 54. Ra7 Nc2+
55. Kf1 Ke3 56. Rc7 Be4 57. Rc3+ Kd2 58. Bg4 Ne3+ 59. Kf2 Nxg4+ 60. Kg3 Nh6 61.
Rc4 Nf5+ 62. Kf2 Bd5 63. Rxa4 Rh6 64. Rg4 Rxh5 65. Rg3 Nxg3 66. Kxg3 Rf5 67. b6
Ke3 68. Kg4 Rf8 69. b7 Bxb7 70. Kg5 Be4 71. a4 Rf5+ 72. Kg6 Rf2+ 73. Kg5 Rxb2
74. a5 Bd3 75. a6 Bxa6 76. Kf5 Rb4 77. Kxe5 Bd3 78. Kd5 Rb5+ 79. Kd6 Kd4 80. Ke6
Rb6+ 81. Kd7 Kd5 82. Kc7 Ra6 83. Kd7 Ra7+ 84. Kc8 Kc6 85. Kd8 Bg6 0-1

[Event "Challenge"]
[Site "http://www.queenalice.com/game.php?id=1549644"]
[Date "2018.11.18"]
[Round "-"]
[White "armandon"]
[Black "gruppodilavoro"]
[Result "1-0"]
[WhiteElo "2103"]
[BlackElo "1942"]

1. e4 c5 2. Nf3 Nc6 3. d4 cxd4 4. Nxd4 e5 5. Nb5 d6 6. N1c3 a6 7. Na3 Nf6 8. Bg5
Be6 9. Nc4 Nd4 10. Bxf6 Qxf6 11. Nb6 Rb8 12. Ncd5 Qg6 13. Qd3 Be7 14. Nc7+ Kd8
15. Ncd5 Bxd5 16. Nxd5 Rc8 17. c3 Ne6 18. Qe3 Nc5 19. f3 f5 20. exf5 Qxf5 21. h4
Qc2 22. b4 Nd7 23. g3 Qg6 24. O-O-O Qxg3 25. Qa7 Qxf3 26. Qxb7 Rxc3+ 27. Kb2
Qxd1 28. Nxc3 Qd2+ 29. Kb3 Ke8 30. Bxa6 Qf2 31. Bb5 Qf7+ 32. Bc4 Qg6 33. h5 Qg4
34. Rf1 Qh3 35. Rf3 Qxh5 36. Nb5 Bf6 37. Nxd6+ Ke7 38. Nf5+ Qxf5 39. Rxf5 Rb8
40. Qd5 Rb6 41. Rf1 Rd6 42. Qf7+ Kd8 43. Bb5 Bg5 44. Qg8+ Kc7 45. Rf7 Rd5 46.
Qe8 Kb6 47. Bxd7 Rd3+ 48. Ka4 Ra3+ 49. Kxa3 Kb7 50. Bb5+ Be7 51. Rxe7+ 1-0

[Event "Challenge"]
[Site "http://www.queenalice.com/game.php?id=1549794"]
[Date "2018.11.19"]
[Round "-"]
[White "armandon"]
[Black "pomar"]
[Result "1-0"]
[WhiteElo "1796"]
[BlackElo "2131"]

1. e4 e6 2. d4 d5 3. Nc3 c5 4. exd5 exd5 5. Bb5+ Nc6 6. dxc5 d4 7. Qe2+ Be6 8.
Ne4 Qd5 9. Nh3 Bxc5 10. Nf4 Qf5 11. Ng3 Qf6 12. Ngh5 Qe7 13. Nxg7+ Kd7 14. O-O
Bd6 15. Re1 Bxf4 16. Bxf4 Nf6 17. Bxc6+ bxc6 18. Rad1 c5 19. Qb5+ Kd8 20. Qa5+
Kc8 21. Nxe6 1-0

[Event "Challenge"]
[Site "http://www.queenalice.com/game.php?id=1549796"]
[Date "2018.11.19"]
[Round "-"]
[White "pomar"]
[Black "armandon"]
[Result "0-1"]
[WhiteElo "2131"]
[BlackElo "1901"]

1. f3 e5 2. Kf2 d5 3. e3 Nf6 4. c4 d4 5. d3 Nc6 6. g3 g5 7. Bh3 g4 8. fxg4 Bh6
9. e4 Bxc1 10. Qxc1 Bxg4 11. Nd2 Bxh3 12. Nxh3 Qd7 13. Kg2 Nb4 14. Qb1 Ng4 15.
Nf1 f5 16. a3 fxe4 17. axb4 e3 18. Ng5 O-O 19. Ne4 Nf2 0-1

[Event "Challenge"]
[Site "http://www.queenalice.com/game.php?id=1549953"]
[Date "2018.11.21"]
[Round "-"]
[White "armandon"]
[Black "oniwa"]
[Result "1-0"]
[WhiteElo "2061"]
[BlackElo "2122"]

1. e4 e5 2. Nf3 Nc6 3. Bc4 Bc5 4. c3 Nf6 5. d3 h6 6. O-O O-O 7. b4 Bb6 8. a4 a6
9. Nbd2 d5 10. exd5 Nxd5 11. Re1 Bg4 12. Ra3 Nf4 13. Ne4 Ne6 14. h3 Bh5 15. Ng3
Bg6 16. Ra2 Re8 17. Rae2 e4 18. Nxe4 Bxe4 19. Rxe4 Qd6 20. d4 Ncd8 21. a5 Ba7
22. Ne5 Qe7 23. Qh5 f6 24. Bxh6 fxe5 25. Bxg7 Qxg7 26. Qxe8+ 1-0